Mots présents dans "Dommage" de Bigflo et Oli - Mort subite - Statistiques

Statistiques générales
  • Ce quiz a été pris 2 539 fois
  • Le résultat moyen est 4 sur 20
Answers on the Grid
Answers color-coded by a green-red scale on the quiz's grid according to % correct below.
Yasmina
Louis
Diego
Pauline
Pauvre
Bientôt
Jamais
Toujours
Soir
Compagnie
Taches
Tâches
Secret
Riche
Femme
Heureux
Poupée
Nuit
Jour
Fils
Fille
Beau
Mal
Mort
Vivre
Mairie
Chanter
Lancer
Essayer
Rencontrer
Pire
Danser
Repense
Pense
Rouge
Bleu
Enfant
Mère
Partage
Ramener
 
Statistiques - réponses
Réponse % Correct
Louis
49%
Diego
46%
Pauline
39%
Fille
27%
Danser
21%
Chanter
20%
Jour
17%
Fils
15%
Nuit
15%
Jamais
14%
Mairie
14%
Taches
14%
Rencontrer
12%
Femme
11%
Repense
9%
Compagnie
8%
Bientôt
7%
Pauvre
7%
Secret
5%
Vivre
3%
Aucun quiz correspondant
Distribution des résultats
% des personnes avec chaque résultat
Percentile par nombre de réponses
Votre historique - résultats
Vous n’avez pas pris ce quiz